00856nam a2200241Ia 450000500170000000800410001702000150005808200170007310000360009024500540012625000110018030000660019149000430025750000210030065000460032165000500036765000380041726400360045533600270049133700330051833800280055104000350057920220317000155.0141031s9999 xx 000 0 und d a9589798179 a595.44bU73a10aUribe Hurtado, Cristinad 1956-14aLas arañas somos sensacionales cCristina Uribe a2a ed. a33 páginas bilustraciones y fotografías en colorc21 cm. a Libros educativos Quiénes somos...  aIncluye glosario14a Aracnidos 2LEMBx Hábitos y conducta 14aArañas xLiteratura infantilxFotografías14aArácnidos xLiteratura infantil aBogotá bCristina Uribec2009 atextobtxt2rdacontent asin mediaciónbn2rdamedia avolumenbnc2rdacarrier aCO-BoRNBPbspaerdacCO-BoRNBP